| 000 | 00979naa a22002657a 4500 | ||
|---|---|---|---|
| 001 | BR8206500 | ||
| 003 | BR-BrBNA | ||
| 005 | 20250721143213.0 | ||
| 007 | ta | ||
| 008 | 250630b bl.|||m| |||| 00| 0 por d | ||
| 040 |
_aBR-BrBNA _bpor _cBiblioteca Nacional de Agricultura |
||
| 041 | _a(Pt) | ||
| 072 |
_aQ10; E30 _b9000 |
||
| 090 | _aQ10 BR8206500 | ||
| 100 | 1 | _aSmith, A.C. | |
| 245 | 1 | _aO papel da industria de alimentacao nos programas de nutricao | |
| 500 | _aSeminarios do Centro de Tecnologia Agricola e Alimentar Rio de Janeiro, RJ (Brasil): 1983. p. 91-96 (BR8206500-AMS) | ||
| 773 | 0 |
_tSeminarios do Centro de Tecnologia Agricola e Alimentar _wQ10 BR8206500 _gRio de Janeiro, RJ (Brasil), 1983. p. 91-96 |
|
| 650 | _aALIMENTO | ||
| 650 | _aINDUSTRIA ALIMENTICIA | ||
| 650 | _aPROJETO DE DESENVOLVIMENTO | ||
| 490 |
_aDocumentos - Centro de Tecnologia Agricola e Alimentar (Brazil) _vno. 5 |
||
| 942 |
_cAMS _2AGRIS |
||
| 909 |
_a202506 _bLúcia _c55 _dLúcia Elande |
||
| 999 |
_c334335 _d334335 |
||